[Event "ALG-ch U20"]
[Site "Tiaret"]
[Date "2019.06.27"]
[Round "2"]
[White "Ould Rouis, Zakaria"]
[Black "Benrekia, Akram"]
[Result "0-1"]
[WhiteElo "1485"]
[BlackElo "1725"]
[PlyCount "42"]
[EventDate "2019.06.26"]
[EventType "swiss"]
[EventRounds "9"]
[EventCountry "ALG"]
[SourceTitle "EXT 2020"]
[Source "ChessBase"]
[SourceDate "2019.10.17"]
[SourceVersion "1"]
[SourceVersionDate "2019.10.17"]
[SourceQuality "1"]

1. d4 Nf6 2. Bf4 b6 3. Nf3 Bb7 4. e3 g6 5. Nbd2 Bg7 6. Bd3 d6 7. c3 Nbd7 8. e4 e5 9. Bg5 0-0 10. Qc2 h5 11. Bxf6 Qxf6 12. Nc4 Rfe8 13. 0-0 exd4 14. cxd4 Nf8 15. d5 Rac8 16. Qa4 a6 17. Qb4 g5 18. Rab1 Ng6 19. Ne3 Nf4 20. Qa3 g4 21. Nd2 Qd4 0-1

[Event "ALG Cup"]
[Site "El Harrach"]
[Date "2019.01.02"]
[Round "7"]
[White "Hadj Mohamed, Mohamed"]
[Black "Benrekia, Akram"]
[Result "0-1"]
[WhiteElo "1583"]
[BlackElo "1763"]
[PlyCount "48"]
[EventDate "2018.11.23"]
[EventType "swiss"]
[EventRounds "14"]
[EventCountry "ALG"]
[SourceTitle "CBM 189 Extra"]
[Source "ChessBase"]
[SourceDate "2019.06.03"]
[SourceVersion "1"]
[SourceVersionDate "2019.06.03"]
[SourceQuality "1"]

1. c4 e5 2. Nc3 f5 3. d3 Nf6 4. g3 Be7 5. Bg2 c6 6. Nf3 d6 7. 0-0 0-0 8. b4 Nbd7 9. Rb1 Qe8 10. b5 Qh5 11. bxc6 bxc6 12. Ba3 f4 13. Qa4 Nb6 14. Rxb6 fxg3 15. fxg3 Bh3 16. Rb7 Ng4 17. Bxh3 Qxh3 18. Rb2 Bg5 19. Nd1 Nxh2 20. Rf2 Qxg3+ 21. Rg2 Nxf3+ 22. exf3 Qe1+ 23. Kh2 Bf4+ 24. Kh3 Qh1+ 0-1

[Event "ALG Cup"]
[Site "Blida et Alger"]
[Date "2016.10.14"]
[Round "6.9"]
[White "Benrekia, Akram"]
[Black "Djeddi, Mohamed"]
[Result "0-1"]
[WhiteElo "1809"]
[BlackElo "1955"]
[PlyCount "70"]
[EventDate "2016.10.12"]
[EventType "k.o."]
[EventRounds "14"]
[EventCountry "ALG"]
[SourceTitle "EXT 2024"]
[Source "ChessBase"]
[SourceDate "2023.10.10"]
[SourceVersion "1"]
[SourceVersionDate "2023.10.10"]
[SourceQuality "1"]

1. e4 d6 2. d4 Nf6 3. Nc3 Nbd7 4. Bc4 e5 5. Nge2 Be7 6. f3 c6 7. a4 a5 8. Be3 0-0 9. Qd2 b6 10. 0-0-0 Qc7 11. g4 exd4 12. Nxd4 Ne5 13. Be2 Rd8 14. Nf5 Bxf5 15. gxf5 d5 16. Qe1 Bb4 17. Qg3 Bxc3 18. bxc3 Qe7 19. Bd4 Re8 20. Rhg1 Nh5 21. Qg2 g6 22. fxg6 hxg6 23. Qf2 Nf4 24. Rg3 Nxe2+ 25. Qxe2 Nc4 26. Qxc4 dxc4 27. Rh3 Qg5+ 28. Kb2 Kf8 29. Rg1 Qf4 30. Rg4 Qd6 31. Be3 Ke7 32. e5 Qe6 33. Rh7 Rh8 34. Bg5+ Kd7 35. Rd4+ Kc7 0-1

[Event "ALG Cup"]
[Site "Blida et Alger"]
[Date "2016.10.14"]
[Round "5.9"]
[White "Djeddi, Mohamed"]
[Black "Benrekia, Akram"]
[Result "0-1"]
[WhiteElo "1955"]
[BlackElo "1809"]
[PlyCount "99"]
[EventDate "2016.10.12"]
[EventType "k.o."]
[EventRounds "14"]
[EventCountry "ALG"]
[SourceTitle "EXT 2024"]
[Source "ChessBase"]
[SourceDate "2023.10.10"]
[SourceVersion "1"]
[SourceVersionDate "2023.10.10"]
[SourceQuality "1"]

1. d4 Nf6 2. Nf3 g6 3. Nc3 Bg7 4. e4 d6 5. Bc4 0-0 6. 0-0 Nxe4 7. Nxe4 d5 8. Bd3 dxe4 9. Bxe4 Nd7 10. h3 Nf6 11. Bd3 b6 12. c3 Bb7 13. Re1 Qd6 14. Qe2 Nd5 15. Ne5 c5 16. dxc5 Qxc5 17. Nd7 Qc6 18. Bb5 Nxc3 19. Bxc6 Nxe2+ 20. Rxe2 Bxc6 21. Nxf8 Kxf8 22. Bf4 Bb5 23. Rc2 e5 24. Be3 Bd3 25. Rd2 e4 26. Rc1 Be5 27. f4 Bd6 28. g4 f6 29. Kf2 Ke7 30. a3 h6 31. h4 Ke6 32. Rdd1 f5 33. gxf5+ Kxf5 34. Rc6 Bxf4 35. Rdc1 Rf8 36. Rg1 Ke5 37. Bxf4+ Rxf4+ 38. Ke1 e3 39. Rc8 Rxh4 40. Re8+ Kd4 41. Rd8+ Ke4 42. Re8+ Kf3 43. Rd8 Bb5 44. b3 Rh2 45. a4 Ba6 46. b4 Bc4 47. Rf8+ Ke4 48. Re8+ Kf3 49. Rd8 Ba6 50. Rf8+ 0-1